000 00994nam a2200289 i 4500
001 193430
003 ES-MaACL
005 20231206063303.0
007 ta
008 231204b sp ||||| |||| 00| 0 spa d
040 _bspa
_cES-MaACL
080 _a821.134.2-32"20"
100 1 _9234625
_aFernández León, Juan Carlos,
_d1970-
_eaut
245 1 3 _aLa vigilancia mística del destino :
_brelato ganador /
_cJuan Carlos Fernández León
260 _aMontánchez [Badajoz] :
_bAsociación Cultural "Pueblo de Montánchez",
_c[2019]
300 _a12 páginas ;
_c21 cm
336 _2rdacontent
_aTexto
337 _2rdamedia
_asin mediación
338 _2rdacarrier
_avolumen
586 _aXX Certamen Literario Internacional "Villa de Montánchez" 2019
655 7 _9226829
_aCuentos
852 _aES-MaACL
_cDEPOF
_j2345-F-5
_9200900
942 _n0
_cFOLLETOS
999 _c193430
_d193430